000 00342nam a22001457a 4500
008 230328b ||||| |||| 00| 0 eng d
020 _a9780736045104
041 _aeng
080 _2SECOND EDITION
_a615.83
082 _a615.83BRO
100 _a16
101 _aEGZAMINIM FIZIK
245 _aFITNESS RUNNING
_cBROWN.L.R
942 _2udc
_cBK
999 _c59464
_d59464